Music Quiz

Random Music or Broadway Quiz

Deuteragonists in Broadway Musicals Quiz Stats

 Plays Quiz not verified by Sporcle

Score 0/10 Timer 05:00
0 Plays Today
Deuteragonist Musical % Correct
Audrey II (The Plant)Little Shop of Horrors
97.2%
Christine DaaeThe Phantom of the Opera
91.7%
Betty RizzoGrease
91.7%
Mrs. Nellie LovettSweeney Todd - The Demon Barber of Fleet Street
89.2%
Conrad BirdieBye Bye Birdie
88.9%
Dr. Frank-N-FurterThe Rocky Horror Show
86.8%
Billy FlynnChicago
84.7%
PharaohJoseph and the Amazing Technicolor Dreamcoat
77.1%
Jud FryOklahoma!
74.3%
Max BialystockThe Producers
73.6%

You're not logged in!

Compare scores with friends on all Sporcle quizzes.
OR
Log In

Show Comments

Extras

Top Quizzes Today


Score Distribution

Your Account Isn't Verified!

In order to create a playlist on Sporcle, you need to verify the email address you used during registration. Go to your Sporcle Settings to finish the process.

Report this User

Report this user for behavior that violates our Community Guidelines.

Details: